000 03096nam a22002177a 4500
003 URS
005 20250820112059.0
008 250819b |||||||| |||| 00| 0 eng d
050 0 0 _aLG 221.R59
_bM3204 2010
245 1 0 _aMga salik na nakakaapekto sa pagsuslat ng komposisyon ng mga mag-aaral sa ikatlong taon ng mataas na paaralan ng San Jose/
_cMel Janine B. Mapa..[et.al.]
260 0 1 _c2010
300 _axii, 62 leaves
_bIllustrations,
_c28 cm
336 _2rdacontent
_atext
337 _2rdamedia
_aunmediated
338 _2rdacarrier
_ardacarrier
502 _aUndergraduate Thesis
_bBatsilyer sa Edukasyong Pansekondarya Medyor sa Filipino
_cUniversity of Rizal System, Rodriguez, Rizal
_d2010
520 _aAng pag-aaral na ito ay ginawa upang malaman ang mga sali na nakaaapekto sa pagsulat ng komposisyon ng mga mag-aaral sa ikatlong taon Mataas na Paaralan ng San Jose Sinagot ng pag-aaral na ito ang mga sumusunod na katanungan (1) Ano ang pansariling datos ng mga mag-aaral batay sa kasarian, marka sa asignatur: ig Filipino, at diyalekto sa tahanan; (2) Ano ang antas ng bawat salik na nakaaapekto sa pagsulat ng komposisyon ng mga mag-aaral; (3) May makabuluhan bang pagkakaiba ang antas ngbawat salik na nakaaapekto sa pagsulat ng komposisyon ng mga mag-aaral sa ikatlong taon ayon sa kanilang propayl? Sa unang suliranin, ang pormulang ginamit ay Percentage rank Nalaman sa pag-aaral na ito ang babae ang may pinakamataas na bilang ng tagatugon batay sa kasarian. Nalaman din na ang braket 85-89 ang pinakamaraming marka na nakuha ng mga tagatugon sa kanilang asignaturang Filipino. Samantalang ang pinakamaraming bilang ng tagatugon ang diyalektong ginagamit sa bahay ay Tagalog. Sa ikalawang suliranin, ang pormulang ginamit ay Weighted Mean. Tinuklas sa suliraning ito ang antas ng bawat salik na nakaapekto sa pagsulat ng komposisyon ng mga mag-aaral. Nalaman na isa sa mga salik ang oras na nakakuha ng average mean na may bilang na 4.15 at interpretasyong berbal na nakaaapekto, lawak ng bokabularyo ng mga mag-aaral na nakakuha ng average mean na may bilang na 4.04 at interpretasyon berbal na nakaapekto, kaalamang pangbalarila na nakakuha ng bilang na 3.62 at interpretasyong berbal na nakaapekto, interes na mag-aaral sa pagsulat na nakakuha ng average mean na may bilang na 3.58 at interpretasyong berbal na nakaapekto at paksa na nakakuha ng average mean na may bilang na 3.27 at interpretasyong berbal na bahagyang nakaaapekto. Ginamit ang pormulang T Test at One Way ANOVA sa ikatlong suliranin upang malaman ang makabuluhang pagkakaiba ng pag-aaral. Napag-alaman na may makabuluhang pagkakaiba ang antas ng bawat salik na nakaaapekto sa pagsulat ng komposisyon ng mga mag-aaral batay sa kasarian at gayundin sa marka sa asignaturang Filipino. Samantalang walang makabuluhang pagkakaiba ang antas ng bawat salik na nakaaapekto sa pagsulat ng komposisyon ng mga mag-aaral sa ikatlong taon ayon sa diyalektong ginagamit sa tahanan.
650 _2Na kakaapekto sa pagsulat ng komposisyon
700 _aSamulde, Willie E.
_eAdviser
942 _2lcc
_cT
999 _c84047
_d84045